| 000 | 00649nam a2200229 a 4500 | ||
|---|---|---|---|
| 001 | 71966 | ||
| 003 | BD-RjUL | ||
| 005 | 20211209082208.0 | ||
| 008 | 170511s1971 nyua b 001 0 eng d | ||
| 035 | _a(BD-RjUL)72182 | ||
| 040 |
_aDLC _cDLC _dBD-RjUL _beng |
||
| 041 | _aeng | ||
| 082 | 0 | 0 |
_a551 _223 _bWYD 1971 |
| 100 | 1 |
_aWyllie, Peter J. _9212851 |
|
| 245 | 1 | 4 |
_aThe dynamic earth : _btextbook in geosciences / _cPeter J. Wyllie |
| 260 |
_aNew York : _bWiley, _c1971. |
||
| 300 |
_axiv, 416 p. : _bill. ; _c26 cm. |
||
| 504 | _aIncludes Bibliography and Index | ||
| 650 | 0 |
_aEarth sciences. _9203927 |
|
| 942 |
_2ddc _cBK |
||
| 999 |
_c71966 _d71966 |
||